000
00222nam a22000977a 4500
003
SGT
245
_a
Indian Journal of Conservative and Endodontics
260
_b
IP Publisher
_c
2019-2020
300
_a
215,150
942
_2
ddc
_c
BV
999
_c
30224
_d
30224